Values and ethics in the counselling and psychotherapy
Guardat en:
| Autor principal: | |
|---|---|
| Format: | Llibre |
| Idioma: | anglès |
| Publicat: |
Sage Publication,
2014.
|
| Etiquetes: |
Afegir etiqueta
Sense etiquetes, Sigues el primer a etiquetar aquest registre!
|
MARC
| LEADER | 00000nam a22000007a 4500 | ||
|---|---|---|---|
| 008 | 210526b ||||| |||| 00| 0 eng d | ||
| 020 | |a 978-1-84920-614-3 | ||
| 100 | |a PROCTOR, Glilian. | ||
| 245 | |a Values and ethics in the counselling and psychotherapy |c Gillian Proctor |g viii,252p. | ||
| 260 | |b Sage Publication, |c 2014. |h Los Angeles: |i 692204 |i 692205 |l BF636.67 .P94 |m Counselling – Moral and ethical aspects. |m Psychotherapy – Moral and ethical aspects. | ||
| 500 | |a “It includes references and index”. | ||
| 942 | |a lcc |c BK |e Adeniran, F. A |f 26/05/2021 | ||
| 952 | |0 0 |1 0 |2 lcc |4 0 |6 BF063667 P94 |7 0 |9 2433 |a HOL |b ED |c LP |d 2021-05-26 |l 0 |o BF636.67 .P94 |p 2021-6284 |r 2021-05-26 00:00:00 |w 2021-05-26 |y BK | ||
| 952 | |0 0 |1 0 |2 lcc |4 0 |6 BF063667 P94 |7 0 |9 2434 |a HOL |b HOL |c LP |d 2021-05-26 |l 0 |o BF636.67 .P94 |p 2021-6285 |r 2021-05-26 00:00:00 |w 2021-05-26 |y BK | ||
| 999 | |c 1269 |d 1269 | ||